Supervielle. (Record no. 81909)
[ view plain ]
| 000 -LEADER | |
|---|---|
| fixed length control field | 00967cam7a220025300 4500 |
| 001 - CONTROL NUMBER | |
| control field | qcf00001905 |
| 005 - DATE AND TIME OF LATEST TRANSACTION | |
| control field | 20190816092110.0 |
| 008 - FIXED-LENGTH DATA ELEMENTS--GENERAL INFORMATION | |
| fixed length control field | 720628s1960 fr ach b 000 0bfre c |
| 010 ## - LIBRARY OF CONGRESS CONTROL NUMBER | |
| LC control number | a 61005552 |
| 035 ## - SYSTEM CONTROL NUMBER | |
| System control number | (Sirsi) r124331 |
| 035 ## - SYSTEM CONTROL NUMBER | |
| System control number | (QCAT)lss00242322 |
| 035 ## - SYSTEM CONTROL NUMBER | |
| System control number | (UPRA)qcf00001905 |
| 040 ## - CATALOGING SOURCE | |
| Modifying agency | UPRA |
| 100 1# - MAIN ENTRY--PERSONAL NAME | |
| Personal name | Etiemble, 1909- |
| Dates associated with a name | Etiemble, 1909- |
| Linkage | A88930.1 |
| 245 10 - TITLE STATEMENT | |
| Title | Supervielle. |
| 260 ## - PUBLICATION, DISTRIBUTION, ETC. | |
| Place of publication, distribution, etc. | [Paris] : |
| Name of publisher, distributor, etc. | Gallimard, |
| Date of publication, distribution, etc. | [1960] |
| 490 0# - SERIES STATEMENT | |
| Series statement | La Bibliotheque ideale |
| Linkage | S13898.1 |
| 500 ## - GENERAL NOTE | |
| General note | Includes selections and quotations from Supervielle's works. |
| 504 ## - BIBLIOGRAPHY, ETC. NOTE | |
| Bibliography, etc. note | "Bibliographie": p. [293]-307. "Iconographie": p. [308]-309. "Musicographie": p. [310]-311. "Phonographie": p. [312]-315. |
| 600 10 - SUBJECT ADDED ENTRY--PERSONAL NAME | |
| Personal name | Supervielle, Jules, 1884-1960. |
| Dates associated with a name | Supervielle, Jules, 1884-1960. |
| Linkage | S66133.1 |
| 700 1# - ADDED ENTRY--PERSONAL NAME | |
| Personal name | Supervielle, Jules, 1884-1960. |
| Dates associated with a name | Supervielle, Jules, 1884-1960. |
| Linkage | A44343.1 |
| 949 ## - LOCAL PROCESSING INFORMATION (OCLC) | |
| a | PQ2637.U6 |
| w | lcc |
| i | -178579 |
| m | MAIN |
| t | BOOK |
| l | ON-SHELF |
No items available.